• 首页
  • 本馆介绍
  • 公告通知
  • 最新文献
  • 馆藏检索
  • 电子资源
  • 读者导购
  • 参考咨询
  • 我的图书馆
  • 登录
  • 详细信息显示
  • 放入我的书架
  • 预约/预借图书
  • 作者相关作品
  • 分类相关作品
  • 丛书相关作品
  • 出版社相关作品

书目信息

  • 表格格式
  • 工作单格式
  • 卡片格式
题名:
物理学原理在工程技术中的应用
    
 
作者: 陈鹤鸣 , 马文蔚 , 苏惠惠 主编
分册:  
出版信息: 北京   高等教育出版社  2001
页数: 331页
开本: 26cm
丛书名:
单 册:
中图分类: TB13
科图分类:
主题词: 工程物理学
电子资源:
ISBN: 7-04-009807-5
000 00704nam0 2200217 450
001 0735592734
005 20070906095312.73
010    @a7-04-009807-5@d¥18.30
100    @a20070906d km y0chiy0120 ea
101 0  @achi
200 1  @a物理学原理在工程技术中的应用@Awu li xue yuan li zai gong cheng ji shu zhong de ying yong@f马文蔚,苏惠惠,陈鹤鸣主编@Fma wen wei,su hui hui,chen he ming zhu bian
205    @a2版
210    @a北京@c高等教育出版社@d2001
215    @a331页@d26cm
606 0  @a工程物理学
690    @aTB13@v3
701  0 @a陈鹤鸣@Achen he ming@4主编
701  0 @a马文蔚@Ama wen wei@4主编
701  0 @a苏惠惠@Asu hui hui@4主编
801  0 @aCN@bPFT@c20070906
905    @a213230@dTB13@eP1@f1
    
    物理学原理在工程技术中的应用/马文蔚,苏惠惠,陈鹤鸣主编.-2版.-北京:高等教育出版社,2001
    331页;26cm
    
    
    ISBN 7-04-009807-5:¥18.30
    
●
相关链接 在E读中查询图书 在五车中查询图书 在当当中查询图书 在豆瓣中查询图书


正题名:物理学原理在工程技术中的应用     索取号:TB13/P1         预约/预借

序号 登录号 条形码 馆藏地/架位号 状态 备注
1 7201199   272011994   物理系资料室/ [索取号:TB13/P1] 在馆    
2 7201200   272012001   密集书库-物理学院/ [索取号:TB13/P1] 在馆    
3 7201661   272016613   物理系资料室/ [索取号:TB13/P1] 在馆    
4 7201683   272016837   密集书库-物理学院/ [索取号:TB13/P1] 在馆    
唐山师范学院图书馆 欢迎您!
大连网信软件有限公司© 版权所有